000 00474nam a2200157Ia 4500
003 GCL
005 20240530104520.0
008 140319s9999 xx 000 0 ara d
040 _aGCL /
_cGCL
082 0 4 _a614.71
_bع ت
100 1 _aعادل رفقى عوض
245 1 0 _aالتلوث الصناعى : النفايات السائلة /
_cعادل رفقى عوض
300 _a233 ص
490 _aالهيئة العامة للاستعلامات
_v0
942 _2ddc
_cBK
999 _c48267
_d48267